Tres lecciones en el Museo del Prado (Record no. 115897)
[ view plain ]
| 000 -LEADER | |
|---|---|
| campo de control de longitud fija | 00620nam a2200181 4500 |
| 001 - NÚMERO DE CONTROL | |
| campo de control | 115897 |
| 003 - IDENTIFICADOR DE NÚMERO DE CONTROL | |
| campo de control | ES-MaACL |
| 005 - FECHA Y HORA DE LA ÚLTIMA TRANSACCIÓN | |
| campo de control | 20231228173809.0 |
| 007 - CAMPO FIJO DE DESCRIPCIÓN FÍSICA--INFORMACIÓN GENERAL | |
| campo de control de longitud fija | t| |
| 008 - DATOS DE LONGITUD FIJA--INFORMACIÓN GENERAL | |
| campo de control de longitud fija | 061121s1943 sp r ||||1| spa d |
| 100 1# - ENTRADA PRINCIPAL--NOMBRE DE PERSONA | |
| Nombre de persona | Ors, Eugenio d', |
| Fechas asociadas al nombre | 1881-1954 |
| 9 (RLIN) | 87358 |
| 245 10 - MENCIÓN DEL TÍTULO | |
| Título | Tres lecciones en el Museo del Prado |
| Resto del título | : de introducción a la crítica de arte / |
| Mención de responsabilidad, etc. | Eugenio d'Ors ; cubierta de Felics Topolski. |
| 260 ## - PUBLICACIÓN, DISTRIBUCIÓN, ETC. | |
| Lugar de publicación, distribución, etc. | Madrid : |
| Nombre del editor, distribuidor, etc. | Ediciones Españolas, |
| Fecha de publicación, distribución, etc. | [1943?] |
| 300 ## - DESCRIPCIÓN FÍSICA | |
| Extensión | 223 p., 53 lám. ; |
| Dimensiones | 16 cm. |
| 700 1# - ENTRADA AGREGADA--NOMBRE PERSONAL | |
| Nombre de persona | Topolski, Felics. |
| 9 (RLIN) | 110602 |
| 852 ## - LOCALIZACIÓN | |
| Ubicación | ES-MaACL |
| Número de control de estantería | F-15804 |
| Sublocalización o colección | R.20541 |
| Estatus retirado | Estado de pérdida | Estado de daño | No para préstamo | Biblioteca de origen | Biblioteca actual | Ubicación en estantería | Fecha de adquisición | Fuente de adquisición | Total de préstamos | Signatura topográfica completa | Código de barras | Visto por última vez | Precio de reemplazo | Tipo de ítem Koha |
|---|---|---|---|---|---|---|---|---|---|---|---|---|---|---|
| Biblioteca del Ateneo de Madrid | Biblioteca del Ateneo de Madrid | Sala Pecera Planta 2 | 17/01/2008 | F-15804 | 1120861 | 23/02/2023 | 23/02/2023 | Libro impreso |
